00742nam a2200205 i 4500001000700000003000700007005001700014008004100031080002100072100003400093245010100127250001200228260003500240300002200275490005100297700003000348700001700378830005100395852009000446188062SpMaBN20251009173356.0180423s1974 sp |||| | cat d a821.134.1-14"18"1 aVerdaguer, Jacint,d1845-190210aAntología poètica / cJacint Verdaguer ; selecció i prólegs de Carles Riba i Pere Ribot. a4ª ed. aBarcelona : bSelecta, c1974. a210 p. ; c18 cm.1 aBiblioteca Selecta ; v63. aPoesía ; v, 221 aRiba, Carles, d1893-19591 aRibot, Pere.0 aBiblioteca Selecta ; v63. aPoesía ; v, 22 aES-MaACLjL-31942 z. - Donat. herederos de la bibl. de Mª del Pilar Costa Palacín